Music Quiz

Random Music or Song Quiz

Arctic Monkeys Music Video by Animated GIF (Slideshow) Quiz Stats

Quiz not verified by Sporcle

Challenge
Share
Tweet
Score 0/24 Timer 05:00
0 Plays Today
% Correct
Do I Wanna Know?
96.2%
R U Mine?
89%
I Bet You Look Good on the Dancefloor
87.5%
Cornerstone
80.8%
Brianstorm
80.8%
Why'd You Only Call Me When You're High?
76.3%
Fluorescent Adolescent
69.8%
Crying Lightning
65.8%
When The Sun Goes Down
60.7%
The View from the Afternoon
60.3%
Arabella
57.7%
One for the Road
55.6%
% Correct
Teddy Picker
53.9%
Snap Out Of It
53.8%
Suck It And See
53.8%
My Propeller
52.5%
Don't Sit Down 'Cause I've Moved Your Chair
51.2%
Black Treacle
49.8%
Evil Twin
48.6%
Fake Tales of San Francisco
43.9%
Leave Before the Lights Come On
37.8%
Brick By Brick
37.7%
The Hellcat Spangled Shalalala
32.2%
You and I
30.9%

You're not logged in!

Compare scores with friends on all Sporcle quizzes.
Sign Up with Email
OR
Log In

You Might Also Like...

Show Comments

Extras

Top Quizzes Today


Score Distribution

Your Account Isn't Verified!

In order to create a playlist on Sporcle, you need to verify the email address you used during registration. Go to your Sporcle Settings to finish the process.